000 00340cam a2200145ua 4500
041 _aeng
_h
082 _a828.09
_bMUL/ST
100 _aMullik, B.R.
245 _aStudies in Dramatists /
_cB R Mullik.
_hTextual Documents
260 _a :
_bS.Chand & Sons ,
_c1962.
300 _a70 ; .
504 _a
942 _cBK
999 _c3367
_d3367